000 00430nmm a2200157Ia 4500
008 251105s9999||||xx |||||||||||||||||und||
020 _a9789580612728
041 _aspa
100 _aCossio Porto, Ricardo
245 0 _aOrión
264 _a[Bogotá, Colombia] :
_bOveja Negra,
_c2014
300 _a192 páginas
650 _aLatin American narrative
856 _uhttps://public.digitaliapublishing.com/a/37794
942 _cCF
999 _c94921
_d94921